• 首页
  • 本馆介绍
  • 公告通知
  • 最新文献
  • 馆藏检索
  • 电子资源
  • 读者导购
  • 参考咨询
  • 我的图书馆
  • 登录
  • 详细信息显示
  • 放入我的书架
  • 预约/预借图书
  • 作者相关作品
  • 分类相关作品
  • 丛书相关作品
  • 出版社相关作品

书目信息

  • 表格格式
  • 工作单格式
  • 卡片格式
题名:
黄山谷松风阁诗墨迹
    
 
作者: 黄庭坚 著
分册:  
出版信息: 上海   上海书店  1965
页数: 15页
开本: 25cm
丛书名:
单 册:
中图分类: J292.25 , J292.2
科图分类:
主题词: 法帖--中国--北宋 , 书法--中国 , 篆刻--中国
电子资源:
ISBN:
000 00679nam0 2200265 45
001 0178000816
005 20040520083652.7
010    @dCNY0.35
100    @a19950907d1965 em y0chiy0121 ea
101 0  @achi
102    @aCN@b310000
105    @ay z 000yy
106    @ar
200 10 @a黄山谷松风阁诗墨迹@Ahuang shan gu song feng ge shi mo ji@f黄庭坚著@FHuang Ting Jian Zhu
210    @a上海@c上海书店@d1965
215    @a15页@d25cm
606    @a法帖@y中国@z北宋
606 0  @a书法@x中国
606 0  @a篆刻@x中国
610 0  @a墨迹
690    @aJ292.25@v3
690    @aJ292.2
701  0 @a黄庭坚@4著
801  0 @aCN@bNLC@c20040520
905    @f3@b119485-487@dJ292.2@e89
    
    黄山谷松风阁诗墨迹/黄庭坚著.-上海:上海书店,1965
    15页;25cm
    
    
    ISBN :CNY0.35
    
●
相关链接 在E读中查询图书 在五车中查询图书 在当当中查询图书 在豆瓣中查询图书


正题名:黄山谷松风阁诗墨迹     索取号:J292.2/89         预约/预借

序号 登录号 条形码 馆藏地/架位号 状态 备注
1 0119485   000792422   第一借阅区/ [索取号:J292.2/89] 在馆    
2 0119486   000792388   第一借阅区/ [索取号:J292.2/89] 在馆    
3 0119487   000792440   第一借阅区/ [索取号:J292.2/89] 在馆    
4 0119488   001208179   第一借阅区/ [索取号:J292.2/89] 在馆    
5 0119489   001208240   第一样本阅览室/ [索取号:J292.2/89] 在馆    
唐山师范学院图书馆 欢迎您!
大连网信软件有限公司© 版权所有